| 000 | 00352nam a2200133Ia 4500 | ||
|---|---|---|---|
| 008 | 240624s9999 xx 000 0 und d | ||
| 041 | _aeng | ||
| 082 | _a368.3 KAL | ||
| 100 | _aKALBERER TIGRAN | ||
| 245 | _aVARIABLE ANNUITIES A GLOBAL PERSPECTIVE | ||
| 260 |
_c2009 _aLondon _bRisk Books |
||
| 300 | _axxxii, : 298 : p. : cm. ; 23 | ||
| 365 |
_cGBP _b20 |
||
| 999 |
_c21392 _d21392 |
||